00549nam a2200181 a 45000010010000000030011000100080041000210350026000620820012000881000018001002450025001182600046001436500014001899420012002039520100002159980037003159990015003520000-8868ELIB.Books110520 1972  a(ELIB.Books)0000-9014 aB bWat aWaters, Ethel aTo Me It's Wonderful bLondon: Happer and Row, Publishers c1972 aBiography 2ddccBK 00102ddc4070aKBTSbKBTSd2011-05-20l0p1904, 819, 993r2022-01-22 00:00:00w2022-01-22yBK cbate2011-05-20mcatu2019-07-03 c8868d8868